| 000 | 00920nam a22001817a 4500 | ||
|---|---|---|---|
| 008 | 190802b xxu||||| |||| 00| 0 eng d | ||
| 020 | _a1853174890 | ||
| 050 | _aRC523.G38 | ||
| 100 | _aGauthier, Serge. | ||
| 245 |
_aAlzheimer's disease in primary care. / _cSerge Gauthier. |
||
| 260 |
_aLondon: _bMartin Dunitz, _c1997. |
||
| 300 |
_aviii, 56 p.: _bill.; _c19cm |
||
| 500 | _aIncludes appendix and index. | ||
| 505 | _aContents: What is Alzheimer's disease? -- Clinical diagnosis -- Investigations -- Treatment of cognitive defects -- Treatment of neuropsychiatric features -- Patient and family support -- The role of the primary care practitioner -- Future prospects -- Appendix 1: User-friendly mini-mental state examination -- Appendix 2: Diagnostic criteria -- Appendix 3: Alzheimer's disease international contact information. | ||
| 700 | _aBurns, Alistair. | ||
| 700 | _aPettit, William. | ||
| 942 |
_2lcc _cBK |
||
| 999 |
_c6879 _d14379 |
||